<?xml version="1.0" encoding="UTF-8"?>
<record
    xmlns:xsi="http://www.w3.org/2001/XMLSchema-instance"
    xsi:schemaLocation="http://www.loc.gov/MARC21/slim http://www.loc.gov/standards/marcxml/schema/MARC21slim.xsd"
    xmlns="http://www.loc.gov/MARC21/slim">

  <leader>00453nam a22001457a 4500</leader>
  <controlfield tag="005">20180312113349.0</controlfield>
  <controlfield tag="008">170914b        xxu||||| |||| 00| 0 eng d</controlfield>
  <datafield tag="040" ind1=" " ind2=" ">
    <subfield code="c">PK-LaUMT</subfield>
  </datafield>
  <datafield tag="082" ind1=" " ind2=" ">
    <subfield code="a">ZIAC 297</subfield>
    <subfield code="b">QUT-I</subfield>
  </datafield>
  <datafield tag="100" ind1=" " ind2=" ">
    <subfield code="a">Qutab, Sayyid = &#x642;&#x637;&#x628;&#x60C; &#x633;&#x6CC;&#x62F;</subfield>
  </datafield>
  <datafield tag="245" ind1=" " ind2=" ">
    <subfield code="a">Islam-o-mushkalaat ul hazarah = &#x627;&#x644;&#x627;&#x633;&#x644;&#x627;&#x645; &#x648; &#x645;&#x634;&#x6A9;&#x644;&#x627;&#x62A; &#x627;&#x644;&#x62D;&#x636;&#x627;&#x631;&#x6C3; /</subfield>
    <subfield code="c">Sayyid Qutab = &#x633;&#x6CC;&#x62F; &#x642;&#x637;&#x628;</subfield>
  </datafield>
  <datafield tag="260" ind1=" " ind2=" ">
    <subfield code="a">Qahrah:</subfield>
    <subfield code="b">Darulsharooq,</subfield>
    <subfield code="c">NY</subfield>
  </datafield>
  <datafield tag="300" ind1=" " ind2=" ">
    <subfield code="a">193 p.</subfield>
  </datafield>
  <datafield tag="942" ind1=" " ind2=" ">
    <subfield code="c">BK</subfield>
  </datafield>
  <datafield tag="999" ind1=" " ind2=" ">
    <subfield code="c">98145</subfield>
    <subfield code="d">98145</subfield>
  </datafield>
  <datafield tag="952" ind1=" " ind2=" ">
    <subfield code="0">0</subfield>
    <subfield code="1">0</subfield>
    <subfield code="4">0</subfield>
    <subfield code="7">0</subfield>
    <subfield code="a">01</subfield>
    <subfield code="b">01</subfield>
    <subfield code="d">2017-09-14</subfield>
    <subfield code="l">0</subfield>
    <subfield code="o">ZIAC 297 QUT-I</subfield>
    <subfield code="p">109447</subfield>
    <subfield code="r">2017-09-14 00:00:00</subfield>
    <subfield code="w">2017-09-14</subfield>
    <subfield code="y">BK</subfield>
  </datafield>
</record>
